Artificial Intelligence: (Record no. 203947)

MARC details
000 -LEADER
fixed length control field 00674nam a22001937a 4500
005 - DATE AND TIME OF LATEST TRANSACTION
control field 20240704120945.0
010 ## - LCCN (DPL NO)
LC control number ENG-140761
020 ## - INTERNATIONAL STANDARD BOOK NUMBER
Terms of availability 650.00
International Standard Book Number 9789356069329
035 ## - SYSTEM CONTROL NUMBER
System control number EN-124293
037 ## - SOURCE OF ACQUISITION
Source of stock number/acquisition DBAD
082 ## - DEWEY DECIMAL CLASSIFICATION NUMBER
Classification number 006.302
Edition number 5
100 ## - MAIN ENTRY--PERSONAL NAME
Personal name Thareja, Reema
245 ## - TITLE STATEMENT
Title Artificial Intelligence:
Remainder of title Beyond Classical AI/
Statement of responsibility, etc by Reema Thareja
250 ## - EDITION STATEMENT
Edition statement 1
260 ## - PUBLICATION, DISTRIBUTION, ETC. (IMPRINT)
Place of publication, distribution, etc Noida
Name of publisher, distributor, etc Pearson India Education Services Pvt. Ltd
Date of publication, distribution, etc 2024
270 ## - ADDRESS
Address 1st Floor, Berger Tower, Plot No. C-001A/2 Sector 16B
City Noida (U.P.)
Postal code 201301
Telephone number 04466540100
Electronic mail address companysecretary.india@pearson.com
300 ## - PHYSICAL DESCRIPTION
Extent xxi, 612p.
Other physical details 23cm (Pb)
942 ## - ADDED ENTRY ELEMENTS (KOHA)
Source of classification or shelving scheme Dewey Decimal Classification
Item type English Books
Classification part 006.302
Call number suffix THA
Edition 1
Holdings
Withdrawn status Lost status Not for loan Collection code Home library Current library Date acquired Source of acquisition Cost, normal purchase price Full call number Barcode Copy number Cost, replacement price Koha item type
      Non-fiction Central Jail Tihar Central Jail Tihar 04/07/2024 DBAD 650.00 006.302 THA EN-124293 1 650.00 English Books

© Delhi Public Library
Hit Counter
free hit counter